000 00667nam a2200229Ia 4500
003 OSt
005 20220926013032.0
006 a|||||r|||| 00| 0
007 ta
008 220923b |||||||| |||| 00| 0 eng d
037 _cGeneral Book
040 _aRTL
_cRTL
_beng
041 _2eng
_aeng
082 _aX:8E, N0
100 _aHerbst Anthony F
_9151851
245 0 _aHandbook of capital investing
_b Analysis and strate
260 _aNew York
_bHarper and Collins USA
_c1990
300 _axii, 396p. Appendix: p 333-90
_ccm.
650 _aBudgetting
_9233954
942 _hX:8E, N0
_cGB
_2CC
999 _c625015
_d625015